Country world champion of : pétanque - Statistics

General Stats
  • This quiz has been taken 25 times
  • The average score is 6 of 13
Answer Stats
Gold medal Answer % Correct
57 France
100%
5 Italy
65%
8 Madagascar
65%
8 Belgium
52%
10 Spain
52%
20 Thailand
48%
4 Morocco
43%
5 Switzerland
43%
1 Algeria
39%
6 Tunisia
30%
1 Denmark
22%
1 Monaco
22%
7 Cambodia
13%
No matching quizzes found
Score Distribution
Percent of People with Each Score
Percentile by Number Answered
Your Score History
You have not taken this quiz